The Alhambra and the Generalife /
محفوظ في:
مؤلف مشترك:
التنسيق: كتاب
اللغة: English
منشور في:
Barcelona, Spain :
Editorial Escudo de Oro,
1982.
الطبعة: 1. ed.
الموضوعات:
الوسوم: إضافة وسم
لا توجد وسوم, كن أول من يضع وسما على هذه التسجيلة!
رقم الطلب: NA387 .A44
| LEADER | 00747nam a22002177a 4500 | ||
|---|---|---|---|
| 005 | 20260201103012.0 | ||
| 008 | 010226t1982 sp a 000 0 eng d | ||
| 020 | |a 8437809568 (English) | ||
| 040 | |c ARCE Library | ||
| 050 | 1 | 4 | |a NA387 |b .A44 |
| 245 | 0 | 4 | |a The Alhambra and the Generalife / |c text, photographs ...by the Technical Department of Editorial Escudo de Oro, S.A. |
| 250 | |a 1. ed. | ||
| 260 | |a Barcelona, Spain : |b Editorial Escudo de Oro, |c 1982. | ||
| 300 | |a 61 p. : |b col. ill. ; |c 25 cm. | ||
| 500 | |a "19"--Spine. | ||
| 610 | 2 | 0 | |a Alhambra (Granada, Spain) |
| 610 | 2 | 0 | |a Generalife (Granada, Spain) |
| 651 | 0 | |a Granada (Spain) |x Buildings, structures, etc. | |
| 710 | 2 | |a Editorial Escudo de Oro. | |
| 942 | |2 lcc |c BK | ||
| 999 | |c 37212 |d 37212 | ||
